000 00808nam a22002657a 4500
001 19545927
003 LIBRIS
005 20241105182009.0
007 cr ||| |||||
008 160711s1993 xx |||||o|||||000 ||eng|d
020 _a0691015457 (print)
035 _a(SFX)2670000000416038
035 _a(EBZ)ebs2028358e
040 _cDLC
041 _aeng
080 _a94
_bF-82
100 1 _aFowden, Garth
_4aut
245 1 0 _aEmpire to Commonwealth: Consequences of Monotheism in Late Antiquity
_h[Elektronisk resurs]
264 1 _aPrinceton, N.J.
_bPrinceton University Press,
_c1993
300 _a205 P.
650 0 _9252
_aHistory
653 _aისტორია
776 0 8 _iPrint:
_tEmpire to Commonwealth: Consequences of Monotheism in Late Antiquity
_z0691015457
942 _2udc
_cBK
999 _c983
_d983